Normale Ansicht MARC-Ansicht ISBD

Hund erschossen - Besitzer war bei der Polizei kein Unbekannter. (Titelsatznr. 372442)

[ MARC ]
MARC-Details
000 -Satzkennung
Kontrollfeld mit fester Länge 00698nab a2200205 4500
001 - Kontrollnummer
Kontrollfeld 90031
003 - Kontrollnummer Identifier
Kontrollfeld OSt
005 - Datum und Zeit der letzten Transaktion
Kontrollfeld 20230516084430.0
007 - Feld mit fester Länge zur physischen Beschreibung - Allgemeine Information
Kontrollfeld mit fester Länge tu
008 - Feld mit fester Länge zur physischen Beschreibung - Allgemeine Angaben
Kontrollfeld mit fester Länge 110905s2000|||||||
040 ## - Katalogisierungsquelle
Original-Katalogisierungsstelle DE-2950
Übertragungsstelle DE-2950
245 00 - Titel
Titel Hund erschossen - Besitzer war bei der Polizei kein Unbekannter.
Zusatz zum Titel Kriminalität. Behörde informiert über weitere Einzelheiten zum SEK-Einsatz im Winzerring am Wochenende bei dem ein Schäferhund getötet wurde /
Verfasserangabe etc. Ines Weber-Rath
264 ## - Produktion, Veröffentlichung, Distribution, Herstellung und Urheberrechtsvermerk
Datum der Herstellung, der Veröffentlichung, des Vertriebs oder des Urheberschutzvermerks 2023
653 ## - Indexierungsterm - Nicht normiert
Nicht-normierter Term Frankfurt (Oder)
653 ## - Indexierungsterm - Nicht normiert
Nicht-normierter Term SEK
653 ## - Indexierungsterm - Nicht normiert
Nicht-normierter Term Spezialeinsatzkräfte
653 ## - Indexierungsterm - Nicht normiert
Nicht-normierter Term Tiere
773 0# - Übergeordnete Einheit
Verknüpfungsangaben 34. Jahrgang (2023) Nr. 103, 04.05.2023, S. 13: mit Foto
Titel Märkische Oderzeitung
942 ## - Zusätzliche Felder (Koha)
Klassifikation oder Aufstellungssystematik Andere/Generische Klassifikation
Koha-Medientyp Aufsätze
Exemplare
Ausgeschieden Verloren Klassifikation oder Aufstellungssystematik Beschädigt Nicht entleihbar Heimatbibliothek Aufenthaltsbibliothek Aufstellungsort Erwerbungsdatum Anzahl Ausleihen Signatur Letzte Aktivität Preis gültig von Koha-Medientyp
    Andere/Generische Klassifikation     Stadtarchiv Frankfurt (Oder) | Archivbibliothek Stadtarchiv Frankfurt (Oder) | Archivbibliothek Magazin 10/05/2023   Z2 16/05/2023 16/05/2023 Aufsätze